A látórendszer elektrofiziológiai vizsgálatának gyakorlati jelentősége a szemészeti és neurológiai betegségekben

Elmentve itt :
Bibliográfiai részletek
Szerzők: Janáky Márta
Benedek György
Dokumentumtípus: Cikk
Megjelent: 1992
Sorozat:IDEGGYOGYASZATI SZEMLE / CLINICAL NEUROSCIENCE 45 No. 3-4
Tárgyszavak:
mtmt:2143379
Online Access:http://publicatio.bibl.u-szeged.hu/32242
LEADER 00764nab a2200205 i 4500
001 publ32242
005 20250401105225.0
008 250401s1992 hu o 000 hun d
022 |a 0019-1442 
024 7 |a 2143379  |2 mtmt 
040 |a SZTE Publicatio Repozitórium  |b hun 
041 |a hun 
100 1 |a Janáky Márta 
245 1 2 |a A látórendszer elektrofiziológiai vizsgálatának gyakorlati jelentősége a szemészeti és neurológiai betegségekben  |h [elektronikus dokumentum] /  |c  Janáky Márta 
260 |c 1992 
300 |a 72-77 
490 0 |a IDEGGYOGYASZATI SZEMLE / CLINICAL NEUROSCIENCE  |v 45 No. 3-4 
650 4 |a Klinikai orvostan 
700 0 1 |a Benedek György  |e aut 
856 4 0 |u http://publicatio.bibl.u-szeged.hu/32242/1/aok_klny_359_92.pdf  |z Dokumentum-elérés